La participación de lo padres y madres en la escuela /

La selección de textos que se presentan en este libro introducen elementos de análisis y reflexión cuyo hilo conductor es la participación y comunicación entre las familias y la escuela, comunicación que tiene que ir más allá de la mera participación en los órganos colegiados que, por ser importante...

Full description

Bibliographic Details
Other Authors: Alfonso, Carmen
Format: Libro
Language:Spanish
Published: Caracas Laboratorio Educativo 2003
Series:Claves para la innovación educativa 19
Subjects:
Online Access:

MARC

LEADER 00000cam a2200000 a 4500
001 015070
003 UAHC_CL
005 20170803121216.0
008 060816b2003 ve 000 spa
020 |a 980251117X 
040 |a UAHC_CL  |c UAHC_CL  |d UAHC_CL 
245 1 3 |a La participación de lo padres y madres en la escuela /  |c Carmen Alfonso ... [et al.]. 
260 |b Laboratorio Educativo  |a Caracas  |c 2003 
300 |a 155 p. 
490 0 |a Claves para la innovación educativa  |v 19 
520 |a La selección de textos que se presentan en este libro introducen elementos de análisis y reflexión cuyo hilo conductor es la participación y comunicación entre las familias y la escuela, comunicación que tiene que ir más allá de la mera participación en los órganos colegiados que, por ser importante, no ha de ser ni el único modelo ni el único contexto. 
650 4 |a RELACIONES PADRES ESCUELA 
653 |a PEDAGOGIA EN EDUCACION PARVULARIA 
700 1 |a Alfonso, Carmen 
900 |a 371.103 PAR 
942 |c BK 
952 |0 0  |1 0  |4 0  |6 371_103000000000000_PAR  |7 0  |8 General  |9 30113  |a BC  |b BC  |c General  |d 2017-08-03  |o 371.103 PAR  |p 1355285  |r 2026-01-13 00:00:00  |t 1  |w 2017-08-03  |y BK 
952 |0 0  |1 0  |4 0  |6 371_103000000000000_PAR  |7 0  |8 General  |9 30114  |a BC  |b BC  |c General  |d 2017-08-03  |l 1  |m 1  |o 371.103 PAR  |p 1355286  |r 2026-01-13 00:00:00  |s 2019-06-18  |t 2  |w 2017-08-03  |y BK 
999 |c 15070  |d 15070